000 00674nam a2200193 i 4500
001 95175
003 ES-MaACL
005 20231227193322.0
007 t|
008 050524s1974 sp ||||1| spa d
100 1 _aLumbreras Valiente, Pedro.
_974737
245 1 4 _aLos fueros municipales de Cáceres
_b: su derecho público: tesis doctoral /
_cpor Pedro Lumbreras Valiente; prólogo...Antonio Hernández Gil.
260 _aCáceres :
_bSucs. de Rivadeneyra,
_c1974.
300 _aXXI, 343 p. ;
_c24 cm.
502 _aTesis doctoral.
700 1 _aHernández Gil, Antonio,
_d1915-1994
_962943
852 _aES-MaACL
_jE-7245
_bR.91613
999 _c95175
_d95175